Flightless Bird Picture Quiz - Statistics

General Stats
  • This quiz has been taken 74 times
  • The average score is 8 of 15
Answer Stats
Picture Answer % Correct
dodo
100%
kiwi
100%
ostrich
100%
emu
93%
emperor penguin
91%
cassowary
80%
rhea
58%
moa
44%
kakapo
40%
great auk
38%
adelie penguin
29%
chinstrap penguin
29%
yellow eyed penguin
16%
takahe
13%
Galapagos cormorant
9%
No matching quizzes found
Score Distribution
Percent of People with Each Score
Percentile by Number Answered
Your Score History
You have not taken this quiz